How to Train Your Dragon / (Record no. 204033)

MARC details
000 -LEADER
fixed length control field 01349nam a2200277 i 4500
003 - CONTROL NUMBER IDENTIFIER
control field OSt
005 - DATE AND TIME OF LATEST TRANSACTION
control field 20260427095655.0
008 - FIXED-LENGTH DATA ELEMENTS--GENERAL INFORMATION
fixed length control field 260427t20252025nyuab crb 000 f eng d
020 ## - INTERNATIONAL STANDARD BOOK NUMBER
International Standard Book Number 9780316587112
Terms of availability RM 52.95
Qualifying information paperback
040 ## - CATALOGING SOURCE
Original cataloging agency PPAK
Language of cataloging eng
Transcribing agency PPAK
Description conventions rda
082 04 - DEWEY DECIMAL CLASSIFICATION NUMBER
Edition number 23
Classification number 823.92
090 00 - LOCALLY ASSIGNED LC-TYPE CALL NUMBER (OCLC); LOCAL CALL NUMBER (RLIN)
Classification number (OCLC) (R) ; Classification number, CALL (RLIN) (NR) 823.92
Feature heading COW
Feature heading K
100 1# - MAIN ENTRY--PERSONAL NAME
Personal name Cowell, Cressida,
Dates associated with a name 1966-
Relator term author.
245 10 - TITLE STATEMENT
Title How to Train Your Dragon /
Statement of responsibility, etc. by Cowell Cressida
264 #1 - PRODUCTION, PUBLICATION, DISTRIBUTION, MANUFACTURE, AND COPYRIGHT NOTICE
Place of production, publication, distribution, manufacture New York, NY :
Name of producer, publisher, distributor, manufacturer Little Brown and Company,
Date of production, publication, distribution, manufacture, or copyright notice 2025
300 ## - PHYSICAL DESCRIPTION
Extent 288 pages :
Other physical details illustrations, maps ;
Dimensions 20 cm
336 ## - CONTENT TYPE
Content type term text
Source rdacontent
337 ## - MEDIA TYPE
Media type term unmediated
Source rdamedia
338 ## - CARRIER TYPE
Carrier type term volume
Source rdacarrier
500 ## - GENERAL NOTE
General note Film tie-in.<br/>Originally published: 2003.<br/>"The legend is real"--Cover.
520 ## - SUMMARY, ETC.
Summary, etc. In the book that started it all, Hiccup Horrendous Haddock III, the quiet and thoughtful son of the Chief of the Hairy Hooligans, tries to pass the important initiation test of his Viking clan by catching and training a dragon. Can Hiccup do it without being torn limb from limb? Join his adventures and misadventures as he finds a new way to train dragons--and becomes a hero
600 #0 - SUBJECT ADDED ENTRY--PERSONAL NAME
Personal name Haddock, Hiccup Horrendous,
Titles and other words associated with a name III (Fictitious character)
Form subdivision Juvenile fiction
650 10 - SUBJECT ADDED ENTRY--TOPICAL TERM
Topical term or geographic name entry element Vikings
Form subdivision Juvenile fiction
Topical term or geographic name entry element Dragons
Form subdivision Juvenile fiction.
942 ## - ADDED ENTRY ELEMENTS (KOHA)
Source of classification or shelving scheme Dewey Decimal Classification
Koha item type Book

No items available.